[Event "Lichtenberger Sommer 2024"]
[Site "Berlin"]
[Date "2024.08.16"]
[Round "7.23"]
[White "Pueschel, Werner"]
[Black "Rosmait, Emily"]
[Result "1/2-1/2"]
[WhiteElo "2013"]
[BlackElo "1939"]
[PlyCount "93"]
[EventDate "2024.08.10"]
[WhiteTeam "vereinslos"]
[BlackTeam "TuRa Harksheide von 1945 Norders"]

1. Nf3 Nf6 2. d4 e6 3. Bf4 b6 4. e3 Bb7 5. Nbd2 Be7 6. h3 c5 7. c3 O-O 8. Bd3
Nd5 9. Bh2 f5 10. O-O Ba6 11. c4 Nb4 12. Be2 Bb7 13. a3 N4a6 14. Qc2 d5 15.
Rad1 Nd7 16. cxd5 exd5 17. Qa4 Nc7 18. Ne5 Nxe5 19. Bxe5 c4 20. f4 a6 21. g4 b5
22. Qc2 fxg4 23. Bxg4 Bf6 24. Nf3 Bc8 25. Kg2 Ne8 26. Rh1 Nd6 27. Bxd6 Qxd6 28.
Ne5 a5 29. Bf3 Bh4 30. Bg4 b4 31. axb4 Qxb4 32. Rd2 Qb5 33. Ra1 a4 34. Qc3 Be7
35. Rf2 Bb4 36. Qc2 a3 37. bxa3 Rxa3 38. Rxa3 Bxa3 39. Bxc8 Rxc8 40. Qf5 Qe8
41. Ra2 Bc1 42. Kf3 c3 43. Rc2 Bd2 44. Ng4 Qc6 45. Ne5 Qe8 46. Ng4 Qc6 47. Ne5
1/2-1/2

[Event "Lichtenberger Sommer 2024"]
[Site "Berlin"]
[Date "2024.08.16"]
[Round "7.24"]
[White "Nötzel, Felix"]
[Black "Gehrke, Karsten"]
[Result "1/2-1/2"]
[WhiteElo "2168"]
[BlackElo "1890"]
[PlyCount "31"]
[EventDate "2024.08.10"]
[WhiteTeam "SF Berlin 1903 e.V."]
[BlackTeam "SV Mattnetz Berlin e.V."]

1. c4 e5 2. Nc3 Nf6 3. g3 d5 4. cxd5 Nxd5 5. Bg2 Nb6 6. Nf3 Nc6 7. O-O Be7 8.
a3 Be6 9. b4 O-O 10. Rb1 f6 11. b5 Nd4 12. e3 Nf5 13. d4 exd4 14. Nxd4 Nxd4 15.
exd4 Nd5 16. Qe2 1/2-1/2

[Event "Lichtenberger Sommer 2024"]
[Site "Berlin"]
[Date "2024.08.16"]
[Round "7.25"]
[White "Hauer, Andreas"]
[Black "Federau, Jürgen"]
[Result "1/2-1/2"]
[WhiteElo "1911"]
[BlackElo "2064"]
[PlyCount "65"]
[EventDate "2024.08.10"]
[WhiteTeam "SC Turm Illingen"]
[BlackTeam "SC Kreuzberg e.V."]

1. e4 c5 2. Nf3 d6 3. d4 cxd4 4. Qxd4 a6 5. c4 Nc6 6. Qe3 g6 7. Nc3 Bg7 8. Be2
Nf6 9. h3 O-O 10. O-O Nd7 11. Rb1 a5 12. b3 Nde5 13. Bb2 Nxf3+ 14. Bxf3 f5 15.
exf5 Bxf5 16. Be4 Qd7 17. Nd5 Rae8 18. Bxf5 Rxf5 19. Bxg7 Kxg7 20. f4 Ref8 21.
Rbd1 R5f7 22. c5 Kg8 23. cxd6 Qxd6 24. Rfe1 Qb8 25. Nb6 Qxf4 26. Qxf4 Rxf4 27.
Rd7 Rf2 28. Rxb7 Rxa2 29. Rc7 Rff2 30. Rxc6 Rxg2+ 31. Kh1 Rh2+ 32. Kg1 Rag2+
33. Kf1 1/2-1/2

[Event "Lichtenberger Sommer 2024"]
[Site "Berlin"]
[Date "2024.08.16"]
[Round "7.26"]
[White "Pimenov, Danil"]
[Black "Bornschein, Burkhard"]
[Result "1-0"]
[WhiteElo "1891"]
[BlackElo "1996"]
[PlyCount "57"]
[EventDate "2024.08.10"]
[WhiteTeam "SC Borussia Lichtenberg"]
[BlackTeam "BSC Rehberge 1945 e.V."]

1. e4 c5 2. Nf3 Nc6 3. d4 cxd4 4. Nxd4 g6 5. c4 Bg7 6. Be3 Nf6 7. Nc3 d6 8. Be2
O-O 9. O-O a6 10. Qd2 Ng4 11. Bxg4 Bxg4 12. f3 Bd7 13. Rfd1 Ne5 14. b3 Rc8 15.
Rac1 Re8 16. h3 Nc6 17. f4 Qa5 18. Qf2 Nxd4 19. Bxd4 Bxd4 20. Qxd4 Qc5 21. Qxc5
Rxc5 22. e5 g5 23. exd6 gxf4 24. Nd5 Ra5 25. Nc7 Rc8 26. dxe7 Be8 27. Rd8 Rxc7
28. Rxe8+ Kg7 29. Rg8+ 1-0

[Event "Lichtenberger Sommer 2024"]
[Site "Berlin"]
[Date "2024.08.16"]
[Round "7.27"]
[White "Schäfer, Heiko"]
[Black "Geyler, Stefan"]
[Result "1-0"]
[WhiteElo "1962"]
[BlackElo "1886"]
[PlyCount "115"]
[EventDate "2024.08.10"]
[WhiteTeam "Potsdamer SV Mitte e.V."]
[BlackTeam "BSG 1827 Eckbauer e.V."]

1. Nf3 c5 2. c4 Nc6 3. d4 cxd4 4. Nxd4 Nf6 5. g3 Qb6 6. Nb3 e6 7. Bg2 Bb4+ 8.
Nc3 O-O 9. O-O Bxc3 10. bxc3 a5 11. Ba3 Re8 12. Rb1 Qa6 13. c5 Qc4 14. Qc2 a4
15. Na1 e5 16. e3 d5 17. cxd6 Qg4 18. e4 Qh5 19. Qd1 Bg4 20. f3 Bc8 21. Nc2 Na5
22. Ne3 Qg5 23. Bc1 Qh5 24. c4 Bd7 25. Nd5 Nxd5 26. cxd5 b5 27. Rf2 Nc4 28. Bf1
Nxd6 29. Ba3 Qg6 30. Bxd6 Qxd6 31. Bxb5 Bxb5 32. Rxb5 Qa3 33. Kg2 Rec8 34. Rc2
Rc3 35. Rxc3 Qxc3 36. h4 h5 37. d6 Qc6 38. Rxe5 Rd8 39. Rd5 Rd7 40. a3 g6 41.
Rd4 f6 42. Qxa4 Qxa4 43. Rxa4 Rxd6 44. Ra7 Rd2+ 45. Kf1 Ra2 46. a4 Kf8 47. a5
Kg8 48. a6 Kf8 49. Ra8+ Kf7 50. Ke1 Kg7 51. Kd1 Kf7 52. Kc1 Kg7 53. Kb1 Ra5 54.
Kb2 Kf7 55. Kb3 Kg7 56. Kb4 Ra1 57. Kc5 Kf7 58. Kb6 1-0

[Event "Lichtenberger Sommer 2024"]
[Site "Berlin"]
[Date "2024.08.16"]
[Round "7.28"]
[White "Besbudak, Özgür"]
[Black "Schmidt, Florian Pascal"]
[Result "0-1"]
[WhiteElo "1889"]
[BlackElo "1959"]
[PlyCount "132"]
[EventDate "2024.08.10"]
[WhiteTeam "SF Berlin 1903 e.V."]
[BlackTeam "BSV 63 Chemie Weißensee"]

1. e4 c5 2. c3 Nf6 3. e5 Nd5 4. Nf3 Nc6 5. Bc4 e6 6. O-O d6 7. d4 cxd4 8. cxd4
dxe5 9. dxe5 Nb6 10. Qxd8+ Nxd8 11. Bb5+ Bd7 12. Nc3 Be7 13. Be3 Bxb5 14. Nxb5
Nd5 15. Bxa7 Nc6 16. Bd4 O-O 17. Nc3 Ndb4 18. Rfc1 Nxd4 19. Nxd4 Nd3 20. Rc2
Nxe5 21. Ncb5 Rfc8 22. Re2 Rxa2 23. Rb1 Nd3 24. g3 Nb4 25. Rd1 Bf6 26. Nc3 Raa8
27. Red2 Rd8 28. Ndb5 Rxd2 29. Rxd2 Rd8 30. Rxd8+ Bxd8 31. Nd6 b6 32. Nc4 f5
33. Kf1 Kf7 34. Ke2 Kf6 35. f4 g5 36. Nb5 gxf4 37. gxf4 Nd5 38. Kf3 Be7 39. Ne5
Bc5 40. Nd3 Ke7 41. h3 Bd6 42. Nd4 Kf6 43. Nc6 Kf7 44. Nd4 Ke7 45. Kg3 Kd7 46.
Kf3 Nb4 47. Ne1 Bc5 48. Nb3 Kd6 49. Ke2 Kd5 50. Nf3 h6 51. Nfd2 Bd4 52. Nxd4
Kxd4 53. b3 b5 54. Nb1 Nd3 55. Kf3 b4 56. h4 Nc1 57. Nd2 Kc3 58. Ke3 Nxb3 59.
Nxb3 Kxb3 60. Kd4 Ka3 61. Ke5 b3 62. Kxe6 b2 63. Kxf5 b1=Q+ 64. Kf6 Qe4 65. h5
Qxf4+ 66. Kg6 Qg5+ 0-1

[Event "Lichtenberger Sommer 2024"]
[Site "Berlin"]
[Date "2024.08.16"]
[Round "7.29"]
[White "Liu, Jonas"]
[Black "Costello, Colin"]
[Result "1-0"]
[WhiteElo "1870"]
[BlackElo "1956"]
[PlyCount "46"]
[EventDate "2024.08.10"]
[WhiteTeam "SV Königsjäger Süd-West e.V."]
[BlackTeam "SC Zugzwang 95 e.V."]

1. d4 Nf6 2. Nf3 e6 3. g3 d5 4. Bg2 Be7 5. O-O Nbd7 6. c4 O-O 7. Qc2 b6 8. Rd1
Bb7 9. cxd5 exd5 10. Nc3 Rc8 11. b3 c5 12. dxc5 Nxc5 13. Bb2 Nce4 14. Qd3 Bc5
15. Nxe4 Nxe4 16. e3 Qe7 17. Nd4 f5 18. Ne2 Bd6 19. Nc3 Qe5 20. Nxe4 Qxb2 21.
Nxd6 Rc2 22. Rdb1 Rd2 23. Rxb2 Rxd3 1-0

[Event "Lichtenberger Sommer 2024"]
[Site "Berlin"]
[Date "2024.08.16"]
[Round "7.30"]
[White "Alten, Silvio"]
[Black "Kuban, Andreas"]
[Result "1-0"]
[WhiteElo "1948"]
[BlackElo "1866"]
[PlyCount "97"]
[EventDate "2024.08.10"]
[WhiteTeam "SV Mattnetz Berlin e.V."]
[BlackTeam "SSV Rotation Berlin e.V."]

1. e4 c5 2. Nf3 d6 3. Bb5+ Nd7 4. c3 Ngf6 5. Qe2 a6 6. Ba4 e6 7. d4 b5 8. Bc2
Bb7 9. O-O Be7 10. Re1 O-O 11. Nbd2 Qc7 12. Bd3 e5 13. d5 c4 14. Bc2 Rfc8 15.
Nf1 a5 16. Ng3 g6 17. Bg5 b4 18. h4 Nc5 19. cxb4 axb4 20. Qxc4 Qb6 21. Qe2 Ba6
22. Qd2 Bc4 23. b3 Ba6 24. a4 bxa3 25. Rxa3 Rab8 26. Rb1 Rc7 27. b4 Ncd7 28.
Be3 Qb7 29. b5 Qc8 30. Bd3 Bb7 31. b6 Rc5 32. Bxc5 Nxc5 33. Rc3 Qg4 34. Rxc5
dxc5 35. Nxe5 Qxh4 36. Nc6 Bd6 37. e5 Bxc6 38. dxc6 Bxe5 39. c7 Re8 40. Bb5
Bxg3 41. fxg3 Qxg3 42. Bxe8 Ng4 43. c8=Q Qh2+ 44. Kf1 Qh1+ 45. Ke2 Qxg2+ 46.
Kd1 Qf3+ 47. Kc2 Ne3+ 48. Kb3 Nd5+ 49. Ka2 1-0

[Event "Lichtenberger Sommer 2024"]
[Site "Berlin"]
[Date "2024.08.16"]
[Round "7.31"]
[White "Eis, Cedric"]
[Black "Idaczek, Günter"]
[Result "1/2-1/2"]
[WhiteElo "1860"]
[BlackElo "1948"]
[PlyCount "170"]
[EventDate "2024.08.10"]
[WhiteTeam "SF Berlin 1903 e.V."]
[BlackTeam "SG NARVA Berlin e.V."]

1. e4 d6 2. d4 Nf6 3. Nc3 e5 4. Nf3 exd4 5. Nxd4 Be7 6. Bf4 a5 7. a4 Na6 8. Qd2
Nc5 9. f3 Bd7 10. Bb5 c6 11. Bc4 O-O 12. O-O-O Ne8 13. g4 g6 14. g5 Nxa4 15.
Nxa4 b5 16. Bb3 bxa4 17. Bxa4 Qb6 18. Qc3 Rc8 19. h4 Qb4 20. Qxb4 axb4 21. Rhe1
Ng7 22. Ne2 Ne8 23. Rd4 Ra8 24. Rxb4 c5 25. Rb7 Bxa4 26. Rxe7 f6 27. Nc3 Bc6
28. Re3 Ra1+ 29. Nb1 Ra8 30. b3 d5 31. exd5 Bxd5 32. gxf6 Nxf6 33. Bh6 Rf7 34.
Bg5 Nh5 35. Rxf7 Bxf7 36. Rc3 Rc8 37. Nd2 Ng3 38. Kd1 Nf5 39. Nc4 Kg7 40. Ne5
Bd5 41. b4 c4 42. Ra3 Rc7 43. Ra5 Be6 44. b5 Rb7 45. Ra6 Bd5 46. b6 h6 47. Bd2
Nxh4 48. Ra7 Kf6 49. Rxb7 Bxb7 50. Nxc4 Bxf3+ 51. Ke1 Nf5 52. Bb4 Kg5 53. Na5
Nd4 54. c3 Nf5 55. b7 Bxb7 56. Nxb7 Kg4 57. Nd6 Ne3 58. Ke2 Nd5 59. Ne4 h5 60.
Bd6 h4 61. Nf2+ Kf5 62. c4 Nb6 63. c5 Nc8 64. Kf3 g5 65. Nd3 g4+ 66. Kg2 Ke4
67. Nb4 Kf5 68. Bb8 Ke6 69. c6 Ne7 70. Bf4 Nc8 71. Na6 Kd5 72. c7 Kc6 73. Nb4+
Kd7 74. Nd5 Ke6 75. Nc3 Kd7 76. Ne4 Ne7 77. Nc5+ Kc8 78. Ne6 Kd7 79. Nf8+ Kc8
80. Be5 Nd5 81. Ne6 Kd7 82. Nc5+ Kc8 83. Ne6 Ne7 84. Bf6 Nd5 85. Bd8 Ne3+
1/2-1/2

[Event "Lichtenberger Sommer 2024"]
[Site "Berlin"]
[Date "2024.08.16"]
[Round "7.32"]
[White "Sklorz, Tobias"]
[Black "Scheide, Helmut"]
[Result "1/2-1/2"]
[WhiteElo "1843"]
[BlackElo "1946"]
[PlyCount "106"]
[EventDate "2024.08.10"]
[WhiteTeam "TSV Mariendorf 1897"]
[BlackTeam "USV Potsdam e.V., Abt. Schach"]

1. e4 e5 2. Nc3 Nf6 3. Bc4 Nc6 4. d3 Bb4 5. Nge2 d5 6. exd5 Nxd5 7. a3 Nxc3 8.
Nxc3 Bxc3+ 9. bxc3 O-O 10. O-O Qh4 11. Rb1 Rb8 12. Be3 b6 13. Qf3 Ne7 14. Rb4
Qf6 15. Qxf6 gxf6 16. Bh6 Rd8 17. Bb3 Bf5 18. f4 c5 19. Ra4 Bd7 20. Rxa7 Nf5
21. fxe5 Nxh6 22. Rxf6 Kg7 23. d4 Be8 24. Rf4 Rd7 25. Rxd7 Bxd7 26. Rf6 Be8 27.
Bd5 cxd4 28. cxd4 Rd8 29. c4 b5 30. Rf4 bxc4 31. Bxc4 Ra8 32. Rf3 Rc8 33. Bb3
Ra8 34. Bd1 Rd8 35. Rd3 Bb5 36. Rd2 Bc6 37. g4 f6 38. exf6+ Kxf6 39. Kf2 Ke7
40. Bc2 Nxg4+ 41. Kg3 Nf6 42. Kf4 Rg8 43. Bf5 Rg1 44. Bc2 Bd5 45. Re2+ Kd6 46.
h3 Nh5+ 47. Ke3 h6 48. Kd2 Nf4 49. Rf2 Rg2 50. Rxg2 Bxg2 51. h4 Kd5 52. Ke3 Ne6
53. Bb3+ Kd6 1/2-1/2

[Event "Lichtenberger Sommer 2024"]
[Site "Berlin"]
[Date "2024.08.16"]
[Round "7.33"]
[White "Oldenburg, Theo"]
[Black "Nguyen, Phuc Nhat"]
[Result "0-1"]
[WhiteElo "1762"]
[BlackElo "1943"]
[PlyCount "106"]
[EventDate "2024.08.10"]
[WhiteTeam "SV Berolina Mitte e.V."]
[BlackTeam "TSG Oberschöneweide e.V."]

1. d4 d5 2. Nc3 Nf6 3. Bf4 c5 4. e4 Nxe4 5. Nxe4 dxe4 6. dxc5 Qxd1+ 7. Rxd1 Nc6
8. Bb5 f6 9. f3 e5 10. Be3 Bf5 11. c3 Rc8 12. h4 exf3 13. gxf3 Be7 14. Ne2 Kf7
15. Ng3 Be6 16. Ne4 a6 17. Bxc6 Rxc6 18. a3 f5 19. Nd6+ Bxd6 20. Rxd6 f4 21.
Rxc6 bxc6 22. Bc1 Rd8 23. O-O Bc4 24. Re1 Rd5 25. Kf2 Kf6 26. Re4 Bd3 27. Re1
Rxc5 28. Rd1 Rd5 29. Rd2 Bc4 30. Kg2 g6 31. Kh3 Rxd2 32. Bxd2 Kf5 33. Be1 h6
34. Bf2 g5 35. h5 Bd5 36. Bc5 Bxf3 37. Bf8 Bxh5 38. Bxh6 Be2 39. Kg2 a5 40. Kf2
Bc4 41. Bf8 a4 42. Bd6 e4 43. Bc5 g4 44. Bd4 g3+ 45. Kg2 Kg4 46. Be5 f3+ 47.
Kh1 Kh3 48. Bd4 f2 49. b3 axb3 50. a4 b2 51. a5 b1=B 52. a6 e3 53. Bxe3 Be4#
0-1

[Event "Lichtenberger Sommer 2024"]
[Site "Berlin"]
[Date "2024.08.16"]
[Round "7.34"]
[White "Drave, Samuel"]
[Black "Schmidt, Jürgen"]
[Result "0-1"]
[WhiteElo "1757"]
[BlackElo "1915"]
[PlyCount "50"]
[EventDate "2024.08.10"]
[WhiteTeam "SV Berolina Mitte e.V."]
[BlackTeam "SC Kreuzberg e.V."]

1. d4 d5 2. c4 c6 3. Nf3 Nf6 4. Nc3 e6 5. e3 Nbd7 6. Qc2 a6 7. b3 Bd6 8. Bd3
O-O 9. O-O h6 10. Bb2 b6 11. Rac1 Bb7 12. Rfd1 Qe7 13. cxd5 exd5 14. Qb1 Rfe8
15. Nd2 c5 16. h3 cxd4 17. exd4 Ne4 18. Re1 f5 19. f3 Qh4 20. fxe4 fxe4 21. Be2
Rf8 22. Rf1 Qg3 23. Rxf8+ Rxf8 24. Nf1 Rxf1+ 25. Bxf1 e3 0-1

[Event "Lichtenberger Sommer 2024"]
[Site "Berlin"]
[Date "2024.08.16"]
[Round "7.35"]
[White "Groot, Patrick"]
[Black "Kretzschmar, Jan"]
[Result "1/2-1/2"]
[WhiteElo "2008"]
[BlackElo "1869"]
[PlyCount "86"]
[EventDate "2024.08.10"]
[WhiteTeam "SF Berlin 1903 e.V."]
[BlackTeam "SC Kreuzberg e.V."]

1. e4 c5 2. Nf3 e6 3. g3 Nc6 4. Bg2 g6 5. d4 cxd4 6. Nxd4 Nge7 7. Nb5 d5 8.
exd5 Nxd5 9. Bxd5 exd5 10. Qxd5 Bb4+ 11. c3 Qe7+ 12. Be3 Be6 13. Qg5 f6 14. Qf4
g5 15. Qc7 a6 16. Qxe7+ Kxe7 17. Nc7 Ba5 18. Nxa8 Rxa8 19. O-O Rd8 20. Nd2 Bc7
21. Nf3 Kf7 22. Nd4 Bh3 23. Rfd1 Ne5 24. f3 Bc8 25. b3 h5 26. Kf2 Re8 27. Rd2
Kg6 28. Nc2 Bf5 29. Nb4 Ba5 30. Rad1 g4 31. f4 Nf3 32. Rd5 Bc7 33. h4 a5 34.
Nd3 Be6 35. f5+ Bxf5 36. Nf4+ Bxf4 37. Bxf4 a4 38. b4 Be6 39. Rb5 Bc4 40. Rxb7
Re2+ 41. Kf1 Re1+ 42. Kf2 Re2+ 43. Kf1 Re1+ 1/2-1/2

[Event "Lichtenberger Sommer 2024"]
[Site "Berlin"]
[Date "2024.08.16"]
[Round "7.36"]
[White "Pröschild, Matthias"]
[Black "Sabrowski, Uwe"]
[Result "0-1"]
[WhiteElo "1867"]
[BlackElo "1992"]
[PlyCount "100"]
[EventDate "2024.08.10"]
[WhiteTeam "BSV 63 Chemie Weißensee"]
[BlackTeam "SC Friesen Lichtenberg e.V."]

1. g3 f5 2. Bg2 Nf6 3. d3 Nc6 4. Nc3 e5 5. f4 d5 6. fxe5 Nxe5 7. Nf3 Ng6 8. O-O
Bc5+ 9. Kh1 c6 10. e4 dxe4 11. dxe4 Qxd1 12. Rxd1 Ng4 13. Na4 Nf2+ 14. Kg1
Nxd1+ 15. Nxc5 fxe4 16. Nxe4 O-O 17. Nd4 Bf5 18. Nd6 Bd7 19. Bf3 Bh3 20. Bg5
Nxb2 21. Nxb7 h6 22. Bd2 Ne5 23. Be4 Nbc4 24. Bb4 Rf6 25. Be7 Rf7 26. Nxc6 Nxc6
27. Bd5 Nxe7 28. Bxc4 Kf8 29. Bxf7 Kxf7 30. Nd6+ Kg8 31. Ne4 Rc8 32. c3 Bf5 33.
Re1 Bxe4 34. Rxe4 Kf7 35. Ra4 Rc7 36. c4 Nf5 37. Kf2 Ke7 38. g4 Nd4 39. Ra6 Nc6
40. h4 Kd6 41. g5 Rf7+ 42. Ke3 hxg5 43. hxg5 Rf5 44. Ra3 Rxg5 45. Kf4 Rg2 46.
Kf3 Rg1 47. Kf2 Rg4 48. Rc3 Kc5 49. Ke1 g5 50. Rf3 Rf4 0-1

[Event "Lichtenberger Sommer 2024"]
[Site "Berlin"]
[Date "2024.08.16"]
[Round "7.37"]
[White "Shevlyakov, Aleksandr"]
[Black "Scholz, Alexander"]
[Result "0-1"]
[WhiteElo "1824"]
[BlackElo "1977"]
[PlyCount "56"]
[EventDate "2024.08.10"]
[WhiteTeam "vereinslos"]
[BlackTeam "Sfr.Heidesheim"]

1. d4 Nf6 2. c4 g6 3. Nc3 Bg7 4. Nf3 d6 5. g3 O-O 6. Bg2 c5 7. d5 e5 8. dxe6
Bxe6 9. Qb3 Nc6 10. Ng5 Bd7 11. Nce4 Nd4 12. Qd1 Bc6 13. Nxf6+ Bxf6 14. Bxc6
bxc6 15. Ne4 Re8 16. Nxf6+ Qxf6 17. e3 Nf3+ 18. Kf1 Qf5 19. Kg2 Ne5 20. b3 Rad8
21. h4 h5 22. Rf1 d5 23. Ba3 dxc4 24. Qe2 Ng4 25. Qxc4 Rd2 26. Kg1 Nxf2 27.
Bxc5 Qf3 28. Kh2 Ng4+ 0-1

[Event "Lichtenberger Sommer 2024"]
[Site "Berlin"]
[Date "2024.08.16"]
[Round "7.38"]
[White "Reiche, Henry"]
[Black "Özates, Mert"]
[Result "1/2-1/2"]
[WhiteElo "1945"]
[BlackElo "1854"]
[PlyCount "47"]
[EventDate "2024.08.10"]
[WhiteTeam "SG Weißensee 49 e.V."]
[BlackTeam "SG NARVA Berlin e.V."]

1. e4 e6 2. d4 d5 3. Nd2 c5 4. exd5 Qxd5 5. Ndf3 Nc6 6. Be3 cxd4 7. Nxd4 a6 8.
Nxc6 Qxc6 9. Nf3 Nf6 10. Be2 Bc5 11. Bxc5 Qxc5 12. O-O O-O 13. c3 Bd7 14. Qd4
Rac8 15. Rad1 Bb5 16. Qxc5 Rxc5 17. Bxb5 Rxb5 18. b3 Rd5 19. c4 Rdd8 20. Rfe1
Rfe8 21. Kf1 Kf8 22. Ne5 Ke7 23. f3 Nd7 24. Nxd7 1/2-1/2

[Event "Lichtenberger Sommer 2024"]
[Site "Berlin"]
[Date "2024.08.16"]
[Round "7.39"]
[White "Reddi, Bhuvana"]
[Black "Potgieter, Edward"]
[Result "1/2-1/2"]
[WhiteElo "1927"]
[BlackElo "1848"]
[PlyCount "81"]
[EventDate "2024.08.10"]
[WhiteTeam "SC Weisse Dame e.V."]
[BlackTeam "Johannesburg Metro Chess"]

1. e4 e5 2. Nf3 Nc6 3. Bb5 a6 4. Ba4 Nf6 5. O-O Be7 6. Qe2 b5 7. Bb3 O-O 8. c3
d6 9. h3 Na5 10. Bc2 c5 11. d4 Qc7 12. dxe5 dxe5 13. Nh2 Bb7 14. Ng4 Rfe8 15.
Nd2 Rad8 16. Re1 c4 17. Nf1 Bc8 18. Nfe3 Nxg4 19. Nxg4 Nb7 20. Qf3 Bxg4 21.
Qxg4 Qd7 22. Qg3 Qe6 23. Be3 Rd7 24. Bd1 Qf6 25. Bg4 Rd3 26. Be2 Rd7 27. a4 Bc5
28. Bg5 Qb6 29. axb5 axb5 30. Red1 Rxd1+ 31. Rxd1 h6 32. Bc1 Re6 33. Bg4 Rd6
34. Qxe5 Rxd1+ 35. Bxd1 Bxf2+ 36. Kh1 Qd8 37. Be2 Bc5 38. Bf4 Bd6 39. Qf5 Bxf4
40. Qxf4 Qd6 41. Qf5 1/2-1/2

[Event "Lichtenberger Sommer 2024"]
[Site "Berlin"]
[Date "2024.08.16"]
[Round "7.40"]
[White "Pruner, Ulf"]
[Black "Muskewitz, Bernd"]
[Result "0-1"]
[WhiteElo "1676"]
[BlackElo "1927"]
[PlyCount "56"]
[EventDate "2024.08.10"]
[WhiteTeam "SF Berlin 1903 e.V."]
[BlackTeam "SF Nordost Berlin"]

1. b4 c6 2. Bb2 a5 3. a3 Nf6 4. e3 d5 5. c4 Bf5 6. Nf3 e6 7. c5 Nbd7 8. h3 b6
9. Nd4 Bxb1 10. Qxb1 Qc8 11. cxb6 axb4 12. axb4 Nxb6 13. Bd3 e5 14. Nf5 e4 15.
Bxe4 Nxe4 16. Bxg7 Qxf5 17. Rxa8+ Nxa8 18. Qc2 Bxg7 19. Qxc6+ Ke7 20. O-O Rc8
21. Qa4 Nb6 22. Qa7+ Nd7 23. b5 Nxd2 24. Qa3+ Ke6 25. g4 Qc2 26. b6 Nxb6 27.
Qb4 Nxf1 28. Kxf1 Qc4+ 0-1

[Event "Lichtenberger Sommer 2024"]
[Site "Berlin"]
[Date "2024.08.16"]
[Round "7.41"]
[White "Meister, Alexander"]
[Black "Bruening, Wolfgang"]
[Result "1/2-1/2"]
[WhiteElo "1925"]
[BlackElo "1840"]
[PlyCount "27"]
[EventDate "2024.08.10"]
[WhiteTeam "vereinslos"]
[BlackTeam "vereinslos"]

1. d4 Nf6 2. Nf3 d5 3. g3 c5 4. e3 Nc6 5. Bg2 Bg4 6. h3 Bh5 7. O-O e6 8. c3 Qb6
9. Qa4 Bxf3 10. Bxf3 Bd6 11. Nd2 O-O 12. Qc2 Rac8 13. Nb3 cxd4 14. exd4 1/2-1/2

[Event "Lichtenberger Sommer 2024"]
[Site "Berlin"]
[Date "2024.08.16"]
[Round "7.42"]
[White "Semahin, Volodymyr"]
[Black "Guder, Sibylle"]
[Result "0-1"]
[WhiteElo "1715"]
[BlackElo "1915"]
[PlyCount "64"]
[EventDate "2024.08.10"]
[WhiteTeam "vereinslos"]
[BlackTeam "SF Berlin 1903 e.V."]

1. e4 c5 2. Nc3 d6 3. d4 cxd4 4. Qxd4 Nc6 5. Bb5 Bd7 6. Bxc6 Bxc6 7. f4 Nf6 8.
Nh3 g6 9. Nf2 Bg7 10. Be3 O-O 11. Qd2 Qa5 12. O-O Rfe8 13. a3 a6 14. Bd4 Rad8
15. Qe3 Nd7 16. b4 Qc7 17. Bxg7 Kxg7 18. a4 b5 19. axb5 axb5 20. Ra7 Qb6 21.
Qxb6 Nxb6 22. Rfa1 Ra8 23. R1a6 Rxa7 24. Rxa7 Kf8 25. Nxb5 Bxb5 26. Rb7 Ra8 27.
h3 Ra6 28. Rb8+ Kg7 29. Ng4 Bc6 30. Ne3 Nd7 31. Rd8 e6 32. c4 Ra8 0-1

[Event "Lichtenberger Sommer 2024"]
[Site "Berlin"]
[Date "2024.08.16"]
[Round "7.43"]
[White "Fock, Madiha"]
[Black "Regel, Michael"]
[Result "1-0"]
[WhiteElo "1922"]
[BlackElo "1804"]
[PlyCount "55"]
[EventDate "2024.08.10"]
[WhiteTeam "TSG Oberschöneweide e.V."]
[BlackTeam "SC Friesen Lichtenberg e.V."]

1. e4 c5 2. Nf3 Nc6 3. d4 cxd4 4. Nxd4 Nf6 5. Nc3 e6 6. Nxc6 bxc6 7. Bd3 d5 8.
Bd2 Be7 9. O-O O-O 10. Kh1 Re8 11. f4 d4 12. Ne2 c5 13. c3 Bb7 14. Ng3 Qb6 15.
Qe2 a5 16. Rab1 Ba6 17. c4 Bb7 18. Nh5 g6 19. Nxf6+ Bxf6 20. Qg4 Qc6 21. Rf2
Bg7 22. f5 exf5 23. exf5 Ra6 24. Rbf1 Rf8 25. Bg5 f6 26. fxg6 h6 27. Bc1 Bc8
28. Qh5 1-0

[Event "Lichtenberger Sommer 2024"]
[Site "Berlin"]
[Date "2024.08.16"]
[Round "7.44"]
[White "Allington, John C"]
[Black "Jeß, Arne"]
[Result "0-1"]
[WhiteElo "1735"]
[BlackElo "1918"]
[PlyCount "58"]
[EventDate "2024.08.10"]
[WhiteTeam "vereinslos"]
[BlackTeam "TSG Rot-Weiß Fredersdorf/Vogelsd"]

1. d4 d5 2. c4 c6 3. Nf3 Nf6 4. Nc3 e6 5. e3 Nbd7 6. Bd3 dxc4 7. Bxc4 b5 8. Bd3
Bd6 9. O-O O-O 10. e4 e5 11. Qe2 exd4 12. Nxd4 Ne5 13. Bc2 Bg4 14. Nf3 Nxf3+
15. gxf3 Bh3 16. Rd1 Qc7 17. Rxd6 Qxd6 18. e5 Qe6 19. exf6 Qxf6 20. Be3 Rfe8
21. Kh1 Re6 22. Rg1 Qh4 23. Ne4 Rae8 24. Bd3 f5 25. Ng5 f4 26. Bxh7+ Kh8 27.
Qc2 Qh5 28. Bd4 Qxg5 29. Bd3 Bg2+ 0-1

[Event "Lichtenberger Sommer 2024"]
[Site "Berlin"]
[Date "2024.08.16"]
[Round "7.45"]
[White "Grillich, Alexander"]
[Black "Rauscher, Joachim"]
[Result "1/2-1/2"]
[WhiteElo "1915"]
[BlackElo "1803"]
[PlyCount "58"]
[EventDate "2024.08.10"]
[WhiteTeam "SC Rochade e.V."]
[BlackTeam "SC Brett vorm Kopp Ffm"]

1. e4 c5 2. Nf3 d6 3. Bb5+ Bd7 4. Bxd7+ Qxd7 5. O-O Nf6 6. Qe2 Nc6 7. c3 e6 8.
Rd1 Be7 9. d4 cxd4 10. cxd4 d5 11. e5 Ne4 12. Nbd2 Nxd2 13. Bxd2 O-O 14. Bg5
Rac8 15. Rac1 Bxg5 16. Nxg5 Nxd4 17. Qd3 Nf5 18. g4 Rxc1 19. Rxc1 h6 20. gxf5
hxg5 21. f6 Qa4 22. fxg7 Kxg7 23. Qc3 Qg4+ 24. Qg3 Qxg3+ 25. hxg3 Kg6 26. Rc7
Rb8 27. g4 a6 28. Kf1 b5 29. Ke2 Rb6 1/2-1/2

[Event "Lichtenberger Sommer 2024"]
[Site "Berlin"]
[Date "2024.08.16"]
[Round "7.46"]
[White "Kapp, Frank"]
[Black "Becker, Werner"]
[Result "1/2-1/2"]
[WhiteElo "1905"]
[BlackElo "1788"]
[PlyCount "36"]
[EventDate "2024.08.10"]
[WhiteTeam "TSV IFA Chemnitz"]
[BlackTeam "SC Rochade e.V."]

1. d4 d5 2. Bf4 Nf6 3. Nf3 g6 4. e3 Bg7 5. Bd3 O-O 6. O-O b6 7. Nbd2 c5 8. c3
Bb7 9. Rc1 Nc6 10. h3 Nd7 11. Re1 e5 12. dxe5 Ndxe5 13. Bb1 Re8 14. Nxe5 Nxe5
15. Bxe5 Bxe5 16. Nf3 Bf6 17. Rc2 Qd7 18. Rd2 Rad8 1/2-1/2

[Event "Lichtenberger Sommer 2024"]
[Site "Berlin"]
[Date "2024.08.16"]
[Round "7.47"]
[White "Sakalli, Selcuk Orkun"]
[Black "Uhlenbrock, Sven"]
[Result "1-0"]
[WhiteElo "1897"]
[BlackElo "1780"]
[PlyCount "83"]
[EventDate "2024.08.10"]
[WhiteTeam "SC Zugzwang 95 e.V."]
[BlackTeam "vereinslos"]

1. d4 d6 2. c4 e5 3. d5 g6 4. e4 Nd7 5. Nc3 a5 6. g4 Nc5 7. Be3 Nf6 8. f3 Nfd7
9. h4 h5 10. g5 Bg7 11. Nh3 Qe7 12. Nb5 Qd8 13. Nf2 b6 14. b3 O-O 15. a3 a4 16.
b4 Nb3 17. Rb1 f5 18. Nd3 fxe4 19. fxe4 Nd4 20. Be2 Ba6 21. Nb2 Rf7 22. Bxd4
exd4 23. Nxd4 Ne5 24. Ne6 Qe8 25. c5 Bxe2 26. Qxe2 bxc5 27. bxc5 Nf3+ 28. Kd1
Nd4 29. Nxd4 Bxd4 30. Nd3 dxc5 31. e5 Rb8 32. Kd2 c4 33. Qe4 cxd3 34. Qxd4 Rf5
35. e6 Rd8 36. Rhe1 Rdxd5 37. Qa7 Qe7 38. Rb8+ Rd8 39. Rxd8+ Qxd8 40. e7 Qe8
41. Qxc7 Rf2+ 42. Kxd3 1-0